00285nam a2200109 a 4500008004100000050001900041100002400060245003400084260002800118300002000146350000900166120416s1976 ||||||||||||||||| || u aHF 5415.15 Bak aBaker, Michael John10aProduct policy and management aLondonbMacmillanc1976 ax, 182p. : ill. a0.00